000 00728nam a2200253Ia 4500
003 OSt
005 20220928114839.0
006 a|||||r|||| 00| 0
007 ta
008 220927b |||||||| |||| 00| 0 eng d
020 _cUKP 130.00
024 _a139563
037 _b028, 30/01/2019, Kiran Book Service
_cTextual
040 _aSDCL
_cSDCL
_beng
041 _2eng
_aeng
082 _a4, Q8
100 _aKeith Cameron
_9441229
245 0 _aPrint media and broadcasting journalism
260 _aUnited
_bkingdom ED Tech press
_c2018
300 _ax,277p.
_ccm.
650 _aHindi
_9391598
942 _h4, Q8
_cTEXL
_2CC
999 _c756666
_d756666